Numerical study on transverse friction of a slender rod contacting the seabed /

Bibliographic Details
Main Author: Lu, Hang
Other Authors: Zhang, Jun (Thesis advisor)
Format: Thesis eBook
Language:English
Published: [College Station, Tex.] : [Texas A&M University], [2012]
Subjects:
Online Access:Link to OAK Trust copy

MARC

Tag First Indicator Second Indicator Subfields
LEADER 00000cam a2200000Ka 4500
001 in00002784516
005 20150922150522.0
006 m fo d
007 cr unu||||||||
008 121127s2012 txu obm 000 0 eng d
035 |a (OCoLC)ocn819405999 
035 |a (TxCM)http://hdl.handle.net/1969.1/ETD-TAMU-2012-08-11448 
040 |a TXA  |c TXA  |d UtOrBLW 
049 |a TXAM 
099 |a 2012  |a Thesis  |a 1969.1/ETD-TAMU-2012-08-11448 
100 1 |a Lu, Hang. 
245 1 0 |a Numerical study on transverse friction of a slender rod contacting the seabed /  |c by Hang Lu. 
264 1 |a [College Station, Tex.] :  |b [Texas A&M University],  |c [2012] 
300 |a 1 online resource. 
336 |a text  |b txt  |2 rdacontent 
337 |a computer  |b c  |2 rdamedia 
338 |a online resource  |b cr  |2 rdacarrier 
500 |a "Major Subject: Ocean Engineering" 
588 |a Description from author supplied metadata (automated record created 2012-10-22 13:24:58). 
502 |b Master of Science  |c Texas A&M University  |d 2012  |o http://hdl.handle.net/1969.1/ETD-TAMU-2012-08-11448 
504 |a Includes bibliographical references. 
516 |a Text (Thesis) 
520 3 |a With the increasing developments of exploiting oil and natural gas in deep water and harnessing renewable (wave and wind) energy in the sea, mooring lines and risers are widely deployed to position the related floating structures. Subject to environmental loads, a mooring line or riser connected to floating structure, moves up and down, back and forth, and sometimes from the left to the right. In computation of the dynamics of a mooring line or riser, it is often modeled as a flexible slender rod. While the bending moment of a chain or a rope is neglected, that of a riser is considered and specified by characteristics of the riser. Existing numerical codes for simulating the dynamics of a slender rod, such as CABLE3D, allow for the vertical support force and longitudinal (along the direction of the rod) friction from soils of the seabed while the transverse (in the direction transverse to the slender rod) friction between the rod and the seabed soils is not considered. In this study, we extend the current version of CABLE3D to allow for the transverse friction applied on the portion of a slender rod contacting the seabed soil, which is time-varying when it is moving. The friction between a slender rod and the seabed soil is computed based upon a Coulomb model originally developed for the simulation of the friction in all dry contact mechanical systems. In applying the Coulomb model, the transverse friction depends on the transverse displacement and/or velocity of a slender rod contacting the seabed. In addition, vertical bottom support of the seabed soil is calculated based on the shear stress of the seabed soil. The simulations of the dynamics of a few typical mooring lines are made given their motions at their fairleads and the results are compared with the corresponding results obtained using Orcaflex, a commercial code, and the existing version of CABLE3D. 
500 |a Electronic resource. 
650 4 |a Major Ocean Engineering. 
653 |a Mooring line 
653 |a Dynamic simulation 
700 1 |a Zhang, Jun,  |e thesis advisor. 
856 4 0 |u http://hdl.handle.net/1969.1/ETD-TAMU-2012-08-11448  |z Link to OAK Trust copy  |t 0 
948 |a cataloged  |b h  |c 2012/11/27  |d c  |e ceaton  |f 8:43:00 am 
994 |a C0  |b TXA 
999 |a MARS 
999 f f |s 9f8829b2-d8a3-39f7-b63b-885c1ffbd6d0  |i b94a0e33-23ae-32c5-8c94-c5ac54bb4651  |t 0 
952 f f |a Texas A&M University  |b College Station  |c Electronic Resources  |d Available Online  |t 0  |e 2012 Thesis 1969.1/ETD-TAMU-2012-08-11448  |h Other scheme 
998 f f |a 2012 Thesis 1969.1/ETD-TAMU-2012-08-11448  |t 0  |l Available Online